Direito da energia elťrica estudos e pareceres /

Detalles Bibliográficos
Autor principal: Junior, Jos ̌Calasans
Formato: eBook
Lenguaje:portugués
Publicado: Rio de Janeiro: Synergia Editora, 2013
Materias:
Acceso en línea:Acceso restringido

MARC

LEADER 00000nam a22000007a 4500
005 20190816224857.0
007 cr|||| ||||
008 190816s2013 br |||||s|||| 00||0 por d
020 |a 9788561325961 
035 |a 24092 
040 |a vLex 
090 |c 9215  |d 9215 
100 1 |a Junior, Jos ̌Calasans 
245 1 0 |a Direito da energia elťrica  |h [Recurso electrn̤ico] :  |b estudos e pareceres /  |c Jos ̌Calasans Junior 
256 |a Servicio en ln̕ea 
260 |a Rio de Janeiro:  |b Synergia Editora,  |c 2013 
300 |a 1 recurso electrn̤ico 
500 |a As transformaė̳s econm̥icas verificadas no mundo, na segundo metade do sčulo passado, motivaram avanȯs significativos nos diversos segmentos de infraestrutura do Brasil, em especial no campo da exploraȯ̂ energťica. A crise do petrl̤eo, associada ̉constataȯ̂ do esgotamento da capacidade de investimento do Estado, impuseram aos governos o reconhecimento da necessidade de reformulaȯ̂ das bases da economia nacional. No segmento da exploraȯ̂ energťica, tornou-se inevitv̀el a revisô das regras disciplinadoras das atividades ligadas ̉produȯ̂, transmissô e distribuiȯ̂ de energia elťrica. A reestruturaȯ̂ implementada a partir de 1996 estabeleceu um novo regramento para o setor elťrico nacional, viabilizando o aporte de capital privado para a conclusô de empreendimentos inacabados e para realizaȯ̂ das obras de expansô do parque gerador. O ingresso de novos agentes privados nos demais segmentos, por conta da privatizaȯ̂ de empresas estatais que atuavam nesses segmentos, deu novo alento ao setor elťrico.A coletńea de textos contida nesta obra, produzida por um especialista da r̀ea que teve atuaȯ̂ destacada na reestruturaȯ̂ do Setor Elťrico, representa mais uma contribuiȯ̂ da Synergia Editora a quantos se interessam por conhecer aspectos inovadores da histr̤ia desse importante segmento de infraestrutura nacional. 
506 1 |a Disponible solo en los productos indicados  |d vLex Global  |d vLex Global (Academic Edition, excluding Law Schools)  |d vLex Global (U.S. Academic Edition, Law Schools)  |d vLex Global (U.S. Academic Edition, excluding Law Schools)  |d vLex Global (Academic Edition, Law Schools) 
650 0 4 |a Energa̕  |z Brasil 
740 0 |a vLex Libros (Servicio en ln̕ea) 
856 4 0 |u http://vlex.com/source/direito-da-energia-eletrica-estudos-e-pareceres-24092  |z Acceso restringido 
942 |c BOOK 
999 0 |a Energy